<?xml version="1.0" encoding="UTF-8"?>
<record
    xmlns:xsi="http://www.w3.org/2001/XMLSchema-instance"
    xsi:schemaLocation="http://www.loc.gov/MARC21/slim http://www.loc.gov/standards/marcxml/schema/MARC21slim.xsd"
    xmlns="http://www.loc.gov/MARC21/slim">

  <leader>01739cam a2200277 a 4500</leader>
  <controlfield tag="001">7766</controlfield>
  <controlfield tag="003">BD-RjUL</controlfield>
  <controlfield tag="005">20211208234453.0</controlfield>
  <controlfield tag="008">140115s1992    tu            000 0 eng d</controlfield>
  <datafield tag="035" ind1=" " ind2=" ">
    <subfield code="a">(BD-RjUL)7810</subfield>
  </datafield>
  <datafield tag="035" ind1=" " ind2=" ">
    <subfield code="a">(OCoLC)ocm34351610</subfield>
  </datafield>
  <datafield tag="035" ind1=" " ind2=" ">
    <subfield code="a">(NNC)1402540</subfield>
  </datafield>
  <datafield tag="040" ind1=" " ind2=" ">
    <subfield code="a">NNC</subfield>
    <subfield code="c">NNC</subfield>
    <subfield code="b">eng</subfield>
    <subfield code="d">BD-RjUL</subfield>
  </datafield>
  <datafield tag="041" ind1="1" ind2=" ">
    <subfield code="a">eng</subfield>
    <subfield code="h">ara</subfield>
  </datafield>
  <datafield tag="082" ind1="0" ind2="4">
    <subfield code="2">19</subfield>
    <subfield code="a">297.8</subfield>
    <subfield code="b">DOC 1992</subfield>
  </datafield>
  <datafield tag="245" ind1="1" ind2="0">
    <subfield code="a">Documents of the right word /</subfield>
  </datafield>
  <datafield tag="250" ind1=" " ind2=" ">
    <subfield code="a">1st ed.</subfield>
  </datafield>
  <datafield tag="260" ind1=" " ind2=" ">
    <subfield code="a">Istanbul, Turkey :</subfield>
    <subfield code="c">1992.</subfield>
    <subfield code="b">Hak&#xEE;kat Kitabev,</subfield>
  </datafield>
  <datafield tag="300" ind1=" " ind2=" ">
    <subfield code="a">480 p. ;</subfield>
    <subfield code="c">19 cm.</subfield>
  </datafield>
  <datafield tag="490" ind1="1" ind2=" ">
    <subfield code="a">Waqf Ikhlas publications ;</subfield>
    <subfield code="v">no. 15</subfield>
  </datafield>
  <datafield tag="505" ind1="0" ind2=" ">
    <subfield code="a">Pt. 1. The book Documents of the right word is the English version of the book Hujaj-i-qat&#x2BE;iyya, by Abdullah Suwayd&#xFFFD;i -- Pt. 2. Thebook Radd-i-rew&#xFFFD;afid, by Im&#xFFFD;am-i-Rabb&#xFFFD;anni, muhaddid-i-elf-i-th&#xFFFD;an&#xFFFD;i Ahmad F&#xFFFD;ar&#xFFFD;uq&#xFFFD;i -- Pt. 3. Tezkiya-i-Ahl-i-Bayt, rebut the calumnies which an enemy of Islam has heaped on Islam in a book titled Husniyya -- Pt. 4. The book Let us be in unity and love one another -- Pt. 5. The book O my brother, if you wish to die in &#xFFFD;Im&#xFFFD;an, you should love the Ahl-i-bayt and the As-h&#xFFFD;ab. Also letter 24, volume 3, by Im&#xFFFD;am-i-Rabb&#xFFFD;an&#xFFFD;i -- Pt. 6. What is prophethood? Muhammad &#xFFFD;alaihis-sal&#xFFFD;am is the last prophet -- Pt. 7. A biography of Im&#xFFFD;am-i-Rabb&#xFFFD;an&#xFFFD;i, translation of thirty-three letters from Muhammed Ma&#xFFFD;th&#xFFFD;um F&#xFFFD;ar&#xFFFD;uq&#xFFFD;i's Mekt&#xFFFD;u&#xFFFD;at -- Pt. 8. English version of Ay-yuhal waled -- Part Nine. Answers to a religiously ignorant person -- Pt. 10. Communism; and Communists' hostility against religion.</subfield>
  </datafield>
  <datafield tag="650" ind1=" " ind2="0">
    <subfield code="a">Sh&#x12B;&#x2BB;ah --Relations --Sunnites.</subfield>
    <subfield code="9">24210</subfield>
  </datafield>
  <datafield tag="830" ind1=" " ind2="0">
    <subfield code="a">Waqf Ikhlas publications ;</subfield>
    <subfield code="9">24647</subfield>
  </datafield>
  <datafield tag="942" ind1=" " ind2=" ">
    <subfield code="2">ddc</subfield>
    <subfield code="c">BK</subfield>
  </datafield>
  <datafield tag="999" ind1=" " ind2=" ">
    <subfield code="c">7766</subfield>
    <subfield code="d">7766</subfield>
  </datafield>
  <datafield tag="952" ind1=" " ind2=" ">
    <subfield code="0">0</subfield>
    <subfield code="1">0</subfield>
    <subfield code="2">ddc</subfield>
    <subfield code="4">0</subfield>
    <subfield code="7">1</subfield>
    <subfield code="8">NFIC</subfield>
    <subfield code="a">RUCL</subfield>
    <subfield code="b">RUCL</subfield>
    <subfield code="c">reading</subfield>
    <subfield code="d">1994-01-12</subfield>
    <subfield code="e">Asia foundation</subfield>
    <subfield code="g">94.00</subfield>
    <subfield code="l">0</subfield>
    <subfield code="o">297.8 DOC 1992</subfield>
    <subfield code="r">2014-01-15 00:00:00</subfield>
    <subfield code="t">C-1</subfield>
    <subfield code="w">2021-12-08</subfield>
    <subfield code="y">BK</subfield>
  </datafield>
</record>
